| 000 | 00433nam a2200181Ia 4500 | ||
|---|---|---|---|
| 001 | 22643 | ||
| 005 | 20260414150844.0 | ||
| 008 | 260414t2016||||xx |||||||||||||| ||spa|| | ||
| 041 | _aESP | ||
| 082 |
_a621.3824 _bK79 |
||
| 100 |
_aKraus, John D. _eAUT |
||
| 245 | 0 |
_aAntennas and wave propagation _b |
|
| 260 | _c2016 | ||
| 300 |
_axxiii, 906 páginas : _c24 cm. |
||
| 650 | _aTCA | ||
| 654 | _aCET | ||
| 942 |
_cLIB _dJUS _fJUS _2ddc _n |
||
| 999 |
_c22643 _d22643 |
||